Canciones más reproducidas de Quevedo - Estadísticas

Estadísticas generales
  • Esta prueba ha sido intentada 236 veces
  • La puntuación promedio es 9 de 15
Estadísticas de respuestas
Feat Canción % Correcto
Myke Towers Playa del Inglés
86%
Lola Índigo El Tonto
82%
- Columbia
72%
Anuel AA, Mambo Kingz, DJ Luian, Maluma OA
72%
Beele, Ovy on the Drums Yo y tú
69%
Juseph, Bejo, Abhir Hathi, Cruz Cafuné, El Ima Cayó la noche - remix
68%
Karol G Pero tú
68%
Feid, Saiko Polaris - remix
68%
De la Ghetto, Duki Si Quieren Frontear
65%
Ovy on the Drums Sin Señal
59%
- Punto G
57%
- Vista al Mar
55%
- Wanda
41%
- Ahora y Siempre
37%
BZRP Session, Vol. 52
8%
No se encontraron pruebas coincidentes
Distribución de puntuación
Porcentaje de gente con cada puntuación
Porcentaje por número respondido
Historial de tus puntuaciones
No has intentado esta prueba.